| 000 | 00978nam a22002417a 4500 | ||
|---|---|---|---|
| 005 | 2009103009479.0 | ||
| 008 | 091030t xxu||||| |||| 00| 0 eng d | ||
| 010 | _aENG-95264 | ||
| 020 |
_a9780070671058 _c450.00 |
||
| 020 |
_a0070671052 _c450.00 |
||
| 040 | _aDPL | ||
| 082 | _a658.5 | ||
| 100 | _aSchroeder, Roger G. | ||
| 245 |
_aOperations management : _bcontemporary concepts and cases / _cby Roger G. Schroeder. |
||
| 250 | _a3rd ed. | ||
| 260 |
_aNew Delhi _bTata McGraw-Hill Eduction _c2009. |
||
| 300 |
_axvii, 538p. : _bill. ; _c26 cm. + _e1 CD-ROM (4 3/4 in.) |
||
| 440 | _aThe McGraw-Hill/Irwin series operations and decision sciences | ||
| 504 | _aIncludes bibliographical references and index. | ||
| 650 | _aProduction management. | ||
| 942 |
_2ddc _cEN _mSCH _h658.5 |
||
| 999 |
_c31185 _d31185 |
||